Tilastot visalle Uuden Musiikin Kilpailu 2024 - Laulut

Klikkaa tästä pelataksesi tätä visaa!

Yleistilastot

  • Tätä visaa on pelattu 40 kertaa
  • Keskiarvotulos 6 / 7

Vastaustilastot

ArtistiKappale% Oikein
Windows95man feat. Henri PiispanenNo Rules!
97%
Sara SiipolaPaskana
97%
SexmaneMANIA
94%
Sini SabotageKuori mua
89%
Mikael Gabriel feat. nubluVox populi
86%
Jesse MarkinGlow
78%
Cyan KicksDancing With Demons
53%

Tulosjakauma

Persentiili vastausten määrän mukaan

Jokaisen tuloksen saaneiden osuus

Tuloshistoriasi

Et ole pelannut tätä visaa